[Event "Turkey IS Bank Super League 2017"]
[Site "Darica-Kocaeli"]
[Date "2017.07.27"]
[Round "2.25"]
[White "Zhigalko, Sergei"]
[Black "Mamedov, Rauf"]
[Result "1-0"]
[WhiteElo "2648"]
[BlackElo "2680"]
[Annotator "TA"]
[PlyCount "103"]
[EventType "team-tourn"]
[EventCountry "TUR"]
[SourceTitle "playchess.com"]
[Source "ChessBase"]
[SourceQuality "1"]

{[%evp 31,103,30,37,33,67,0,28,1,31,0,27,0,0,0,0,0,0,0,0,0,0,0,27,26,18,0,0,0,38,9,30,29,88,89,84,87,188,133,129,95,103,74,136,117,136,103,103,101,150,103,118,108,104,6,6,0,110,103,103,87,88,43,35,0,74,74,81,81,183,106,274,258,29984,29985]} 1. e4 c5 2. Nf3 d6 3. d4 Nf6 4. Nc3 cxd4 5. Nxd4 g6 6. Be3 Bg7 7. f3 Nc6 8. Qd2 O-O 9. Bc4 Bd7 10. O-O-O Rb8 11. Bb3 Na5 12. g4 {B77: Sicilian Dragon: Yugoslav Attack, 9 Bc4 sidelines} (12. Kb1 b5 13. g4 Nc4 14. Bxc4 bxc4 15. Ka1 Qa5 16. Nd5 Qd8 17. Bh6 Nxd5 18. exd5 c3 19. bxc3 Bxh6 20. Qxh6 {1-0 (67) Socko,B (2599)-Mamedov,R (2657) Berlin 2015}) 12... b5 13. Bh6 Bxh6 14. Qxh6 b4 15. Nd5 Nxb3+ 16. Nxb3 Nxd5 {LiveBook: 29 Games} 17. exd5 Rb6 18. Rd4 e5 19. dxe6 $1 Bxe6 $146 ({Predecessor:} 19... fxe6) 20. Qd2 Ra6 (20... a5 $5) 21. Qxb4 Rxa2 {Threatens to win with ...Bxb3.} 22. Kb1 ({Don't go for} 22. Qxd6 $2 Qxd6 23. Rxd6 Bxb3 $19) 22... Ra6 23. Rhd1 {[%cal Rd4d6]} Rb6 24. Qa3 Bxb3 25. cxb3 {[%cal Rd4d6]} Qb8 26. b4 Re8 27. h4 {[%cal Bh2h4,Bh4h5][%mdl 32]} Qb7 28. Rxd6 Rxd6 29. Rxd6 $11 {[%mdl 4096] Endgame KQR-KQR} Qc7 (29... Qe7 $5 {[%cal Re7d6]} 30. Rd1 Rb8 $11) 30. Rd1 h6 31. h5 g5 (31... Qb6 $11) 32. Qc3 $16 Qb6 33. Rd7 a6 (33... Rd8 $16 {keeps fighting.} 34. Rc7 Rd1+ 35. Kc2 Rd8) 34. Qc4 (34. Rc7 $18) 34... Qf6 35. Rd3 Re6 36. Qc8+ Kh7 ({Better is} 36... Kg7) 37. Qc2 Kg8 38. Qc3 Qe7 39. Ka2 Qe8 40. Qd4 Qa4+ 41. Ra3 Qc6 42. Rc3 (42. Qc5 $16) 42... Qa4+ $11 43. Ra3 ({White should try} 43. Kb1 $11) 43... Qc6 $16 44. Qc5 $36 {[%mdl 2048] White is on the roll.} Qd7 45. Qc4 Rc6 46. Qe4 Re6 $1 {[%cal Re6e4]} 47. Qc4 Rc6 48. Qb3 Rb6 49. Ra5 $1 Qb7 {[#]} (49... Rf6 $16) 50. Rc5 (50. Rd5 $1 $18) 50... Rf6 $2 {[#]} (50... Rxb4 $16 51. Qc3 Kh7) 51. Qc3 $1 $18 {[%cal Rc3f6]} Qxf3 $2 (51... Qe7 $18 52. Rc7 Qe6+ 53. b3 Kh7) 52. Rc8+ {Precision: White = 47%, Black = 37%.} 1-0

[Event "Turkey IS Bank Super League 2017"]
[Site "Darica-Kocaeli"]
[Date "2017.07.27"]
[Round "2.26"]
[White "Safarli, Eltaj"]
[Black "Paichadze, Luka"]
[Result "1-0"]
[WhiteElo "2641"]
[BlackElo "2581"]
[Annotator "TA"]
[PlyCount "81"]
[EventType "team-tourn"]
[EventCountry "TUR"]
[SourceTitle "playchess.com"]
[Source "ChessBase"]
[SourceQuality "1"]

{[%evp 32,81,28,27,49,46,58,52,51,42,54,41,47,19,19,0,0,0,0,0,0,-10,0,0,0,-8,90,51,219,218,119,150,180,162,283,288,620,305,287,280,277,306,360,359,515,506,514,487,456,478,513,525]} 1. e4 c6 2. d4 d5 3. Nc3 dxe4 4. Nxe4 Bf5 5. Ng3 Bg6 6. h4 h6 7. Nf3 Nd7 8. h5 Bh7 9. Bd3 Bxd3 10. Qxd3 e6 11. Bd2 Ngf6 12. O-O-O Qc7 13. Ne4 O-O-O 14. g3 Nxe4 15. Qxe4 Nf6 16. Qe2 Bd6 17. Kb1 Kb8 {B19: Classical Caro-Kann: 4...Bf5 main line} (17... Rd7 18. c4 c5 19. Ne5 Bxe5 20. dxe5 Ng8 21. Bc3 Ne7 22. Rxd7 Qxd7 23. Rd1 Qc7 24. Qg4 Rd8 25. Rxd8+ Qxd8 {½-½ (34) Gao,R (2543)-Yu,R (2510) Beijing 2017}) 18. c4 c5 19. Bc3 cxd4 {White is slightly better.} 20. Nxd4 a6 21. Nb3 Qc6 22. Rh4 Bc7 23. Rc1 {[%cal Bd1c1,Bc1c4,Bc4b4][%mdl 32]} Rhe8 24. c5 e5 $146 ({Predecessor:} 24... Qd5 25. c6 b5 26. Bb4 e5 27. Bc5 {1-0 (67) Shapoval,G (2216)-Bulmaga,I (2132) Kharkov 2008}) 25. Ba5 e4 26. Rhh1 Rd5 27. Bxc7+ Kxc7 28. Rc4 {Black must now prevent Nd4.} Red8 (28... Kd8 $11) 29. Rb4 {And now Na5 would win.} e3 $2 {[#]} (29... Qd7 $14) 30. Rc1 $1 $18 (30. fxe3 Rd2 $15) ({Less strong is} 30. Qxe3 Rd3 $14) 30... exf2 {Hoping for ...Rf5.} 31. Na5 $36 {[%mdl 2048] White is in control.} (31. Qxf2 Rd1 $15) 31... Qe6 32. Qxf2 Rd1 (32... Rb8 {is a better defense.}) 33. c6 $1 {Threatening mate with Qb6+.} ({Worse is} 33. Nxb7 R8d2 $11) (33. Rxb7+ Kc8 $11) 33... Rxc1+ 34. Kxc1 {Qb6+ would kill now.} Nd5 {[#]} 35. Qxf7+ $1 {[%mdl 512]} Qxf7 36. Rxb7+ Kc8 37. Rxf7 Nb4 (37... Ne3 $142 38. b4 Rd1+ 39. Kb2 Rd4) 38. a3 {White is clearly winning.} Nd3+ 39. Kb1 {Strongly threatening Nc4.} Ne5 40. Rxg7 Rd6 41. g4 {Precision: White = 63%, Black = 49%.} 1-0

[Event "Turkey IS Bank Super League 2017"]
[Site "Darica-Kocaeli"]
[Date "2017.07.27"]
[Round "2.27"]
[White "Benidze, Davit"]
[Black "Markus, Robert"]
[Result "1-0"]
[WhiteElo "2515"]
[BlackElo "2672"]
[Annotator "TA"]
[PlyCount "119"]
[EventType "team-tourn"]
[EventCountry "TUR"]
[SourceTitle "playchess.com"]
[Source "ChessBase"]
[SourceQuality "1"]

{[%evp 12,119,40,-1,13,8,20,17,20,16,19,0,2,0,20,7,7,7,0,7,24,13,11,7,0,0,0,0,11,22,15,6,10,8,10,5,35,33,33,19,29,32,43,27,175,37,46,26,23,22,17,0,0,0,0,0,0,0,0,0,0,0,0,0,183,52,134,129,211,202,604,614,689,607,634,664,664,692,470,468,452,441,958,1032,983,837,876,876,29961,29963,29959,29963,29966,29968,29967,29968,29968,29971,29971,29972,29972,29974,29972,29972,29964,29969,29967,29973,29986,29987]} 1. Nf3 Nf6 2. d4 g6 3. Bf4 Bg7 4. e3 d6 5. h3 O-O 6. Be2 Nc6 7. O-O Ne4 {A48: 1 d4 Nf6 2 Nf3 g6: Torre, London and Colle Systems} (7... e5 $5 {[%cal Re5f4]} 8. Bg5 (8. dxe5 Ne4 $11) 8... exd4 $11) 8. Bh2 e5 9. c3 (9. Nbd2 Nxd2 10. Qxd2 Qe7 11. c3 f5 12. Ne1 Qf7 13. Nd3 Be6 14. b4 Rad8 15. Qc2 {1-0 (51) Zhigalko,S (2643)-Zhigalko,A (2566) Minsk 2017}) 9... Qe7 {The position is equal.} 10. a4 $146 ({Predecessor:} 10. Re1 f5 11. b4 a6 12. a4 Kh8 13. Qc2 Nf6 14. Ra3 e4 {0-1 (40) Catteau,B (2185)-Zaitsev,I (2455) Cappelle-la-Grande 1995}) 10... Kh8 11. Na3 f5 12. Nc4 g5 13. Bd3 Be6 14. dxe5 d5 15. Ncd2 Bg8 16. Qe2 Nxe5 17. Nxe5 Bxe5 18. Bxe5+ Qxe5 19. f4 (19. Bc2 {looks sharper.} Rad8 20. Rfd1 a6 21. a5 Bf7 22. Ra3) 19... Qg7 20. Bxe4 fxe4 21. fxg5 Qxg5 22. Rxf8 Rxf8 23. Rf1 Rxf1+ (23... Kg7 {feels hotter.} 24. Rxf8 Kxf8 25. Qf2+ Ke7 26. c4 Kd7) 24. Nxf1 c5 25. Qf2 Kg7 26. Ng3 Be6 27. Kh1 d4 (27... b6 $11) 28. Nxe4 (28. exd4 $18 e3 29. Qf3) 28... dxe3 $14 29. Qf3 (29. Nxg5 $2 {perishes.} exf2 30. Nxe6+ Kf6 $19) 29... Qe5 $1 30. Qxe3 Bd5 31. Ng3 Qxe3 ({But not} 31... Bxg2+ $2 32. Kxg2 Qxe3 33. Nf5+ Kf7 34. Nxe3 $18) 32. Nf5+ Kf6 {( -> ...Qxh3+)} 33. Nxe3 $11 {[%mdl 4096] Endgame KB-KN} Bb3 34. a5 Ke5 35. Kg1 Ke4 36. Kf2 Kd3 37. h4 h5 $2 (37... b5 $11 {and Black stays safe.}) 38. g3 (38. Kf3 $18) 38... Be6 (38... b5 $14) 39. Kf3 $16 c4 (39... b5 $16) 40. Kf4 $18 Bf7 $2 {[#]} (40... Bg8 41. g4 hxg4) 41. g4 $1 hxg4 42. Nxg4 {And now Ne5+ would win.} Kc2 43. Ne5 Bg8 44. Ke4 Kxb2 45. Kd4 Kb3 46. h5 {[%cal Bh4h5,Bh5h6][%mdl 32]} Ka4 (46... b6 $142 47. a6 Ka4) 47. Nxc4 Kb5 48. h6 Bh7 {[#]} 49. Nd6+ $1 Kxa5 50. Nxb7+ {White mates.} Kb6 51. Nc5 a5 52. Nd7+ Kb5 53. c4+ Kb4 54. Nb6 a4 55. Nd5+ Ka5 56. Kc3 Bg6 57. Kb2 Bf5 58. Ka3 ({Not} 58. Nf6 Kb4 $16) 58... Bd3 59. c5 {[%cal Bc4c5,Bc5c6][%mdl 32]} Bc2 60. c6 {Precision: White = 70%, Black = 48%.} 1-0

[Event "Turkey IS Bank Super League 2017"]
[Site "Darica-Kocaeli"]
[Date "2017.07.27"]
[Round "2.28"]
[White "Atakisi, Umut"]
[Black "Yaran, Siar"]
[Result "1/2-1/2"]
[WhiteElo "2373"]
[BlackElo "2253"]
[Annotator "RC"]
[PlyCount "135"]
[EventType "team-tourn"]
[EventCountry "TUR"]
[SourceTitle "playchess.com"]
[Source "ChessBase"]
[SourceQuality "1"]
[TimeControl "40/5400+30:1800+30"]

1. Nf3 {[%emt 0:00:30]} Nf6 {[%emt 0:02:00]} 2. c4 {[%emt 0:00:30]} d6 {[%emt 0:03:30]} 3. d4 {[%emt 0:00:30]} Bf5 {[%emt 0:01:30]} 4. g3 {[%emt 0:02:30]} c6 {[%emt 0:00:30]} 5. Nc3 {[%emt 0:00:30]} h6 {[%emt 0:00:30]} 6. Bg2 {[%emt 0:00:30]} e6 {[%emt 0:00:00]} 7. O-O {[%emt 0:07:30]} Be7 {[%emt 0:00:00] [%clk 1:25]} 8. d5 {[%emt 0:16:30]} e5 {[%emt 0:01:30]} 9. Ne1 {[%emt 0:05:30]} O-O {[%emt 0:21:30]} 10. dxc6 {[%emt 0:03:30]} Nxc6 {[%emt 0:09:30]} 11. Nc2 {[%emt 0:04:30]} Qd7 {[%emt 0:13:30]} 12. b3 {[%emt 0:09:30]} Rab8 {[%emt 0:06:30]} 13. Ne3 {[%emt 0:03:30]} Be6 {[%emt 0:01:30]} 14. Ned5 {[%emt 0:01:30]} Bxd5 {[%emt 0:00:30]} 15. Nxd5 {[%emt 0:00:30]} b5 {[%emt 0:08:30]} 16. Nxe7+ {[%emt 0:07:30]} Nxe7 {[%emt 0:00:00]} 17. cxb5 {[%emt 0:04:30]} Rxb5 {[%emt 0:01:00]} 18. Ba3 {[%emt 0:00:30]} d5 {[%emt 0:03:30]} 19. Qd2 {[%emt 0:03:30]} Rd8 {[%emt 0:01:30]} 20. Rfd1 {[%emt 0:02:30]} d4 {[%emt 0:03:58]} 21. e3 {[%emt 0:07:02]} Nf5 {[%emt 0:05:07]} 22. e4 {[%emt 0:04:55]} Nd6 {[%emt 0:00:30]} 23. f3 {[%emt 0:00:00]} Rb6 {[%emt 0:02:55]} 24. Bf1 {[%emt 0:01:38]} Rc8 {[%emt 0:02:06]} 25. Qa5 {[%emt 0:01:42]} Nb5 {[%emt 0:00:32]} 26. Bb4 {[%emt 0:01:57]} Qb7 {[%emt 0:10:39]} 27. Rac1 {[%emt 0:00:30]} Nc3 {[%emt 0:00:31]} 28. Bxc3 {[%emt 0:00:43]} Rxc3 {[%emt 0:00:35]} 29. Rxc3 {[%emt 0:00:17]} dxc3 {[%emt 0:00:02]} 30. Qxe5 {[%emt 0:03:50]} Rc6 {[%emt 0:00:30]} 31. Qd4 {[%emt 0:02:21]} Nd7 {[%emt 0:00:35]} 32. Bc4 {[%emt 0:01:25]} Qb6 {[%emt 0:00:08]} 33. Qxb6 {[%emt 0:00:44]} Nxb6 {[%emt 0:00:11]} 34. Bd3 {[%emt 0:00:31]} a5 {[%emt 0:01:03]} 35. Kf2 {[%emt 0:00:40]} a4 {[%emt 0:01:03]} 36. Bb5 {[%emt 0:01:12]} axb3 {[%emt 0:00:23]} 37. axb3 {[%emt 0:00:28]} c2 {[%emt 0:00:01]} 38. Rc1 {[%emt 0:01:19]} Rc3 {[%emt 0:00:01]} 39. b4 {[%emt 0:01:02]} h5 {[%emt 0:00:58]} 40. Ke2 {[%emt 0:00:52]} Nc4 {[%emt 0:00:42]} 41. Bxc4 {[%emt 0:02:22]} Rxc4 {[%emt 0:03:30]} 42. h4 {[%emt 0:03:30]} g6 {[%emt 0:00:30]} 43. Ke3 {[%emt 0:03:30]} Kg7 {[%emt 0:00:30]} 44. b5 {[%emt 0:00:00]} Rb4 {[%emt 0:01:30]} 45. Rxc2 {[%emt 0:00:00]} Rxb5 {[%emt 0:00:00]} 46. Rc3 {[%emt 0:02:30]} Ra5 {[%emt 0:06:00]} 47. Rd3 {[%emt 0:02:30]} Rb5 {[%emt 0:02:31]} 48. f4 {[%emt 0:00:30]} Rb4 {[%emt 0:02:41]} 49. Kf3 {[%emt 0:03:37]} Ra4 {[%emt 0:00:21]} 50. Re3 {[%emt 0:00:46]} Kf6 {[%emt 0:00:30]} 51. Rd3 {[%emt 0:02:05]} Kg7 {[%emt 0:00:14]} 52. e5 {[%emt 0:00:59]} Kf8 {[%emt 0:03:28]} 53. g4 {[%emt 0:01:25]} hxg4+ {[%emt 0:00:05]} 54. Kxg4 {[%emt 0:00:04]} Ra1 {[%emt 0:03:21]} 55. f5 {[%emt 0:08:01]} gxf5+ {[%emt 0:02:44]} 56. Kxf5 {[%emt 0:01:36]} Rf1+ {[%emt 0:00:26]} 57. Kg4 {[%emt 0:00:30]} Re1 {[%emt 0:00:47]} 58. Kf4 {[%emt 0:00:24]} Rh1 {[%emt 0:00:54]} 59. Kg5 {[%emt 0:01:19]} Re1 {[%emt 0:00:42]} 60. Kh6 {[%emt 0:01:59]} Rxe5 {[%emt 0:00:54]} 61. h5 {[%emt 0:00:16]} Ke7 {[%emt 0:01:00]} 62. Rh3 {[%emt 0:00:46]} Kf6 {[%emt 0:04:57]} 63. Kh7 {[%emt 0:01:00]} Kg5 {[%emt 0:00:29]} 64. h6 {[%emt 0:01:04]} f5 {[%emt 0:01:39]} 65. Rg3+ {[%emt 0:00:28]} Kf6 {[%emt 0:00:24]} 66. Rg6+ {[%emt 0:00:58]} Kf7 {[%emt 0:00:30]} 67. Rg7+ {[%emt 0:00:00]} Kf6 {[%emt 0:00:02]} 68. Rg6+ {[%emt 0:00:12]} 1/2-1/2

[Event "Turkey IS Bank Super League 2017"]
[Site "Darica-Kocaeli"]
[Date "2017.07.27"]
[Round "2.29"]
[White "Isgandarova, Khayala"]
[Black "Ozturk, Kubra"]
[Result "1/2-1/2"]
[WhiteElo "2257"]
[BlackElo "2298"]
[Annotator "NA"]
[PlyCount "88"]
[EventType "team-tourn"]
[EventCountry "TUR"]
[SourceTitle "playchess.com"]
[Source "ChessBase"]
[SourceQuality "1"]
[TimeControl "40/5400+30:1800+30"]

1. e4 {[%emt 0:00:30]} e5 {[%emt 0:01:00]} 2. Nf3 {[%emt 0:00:30]} Nc6 {[%emt 0:00:30]} 3. Bb5 {[%emt 0:00:00]} a6 {[%emt 0:00:30]} 4. Ba4 {[%emt 0:00:00]} Nf6 {[%emt 0:00:00]} 5. O-O {[%emt 0:00:30]} b5 {[%emt 0:01:00]} 6. Bb3 {[%emt 0:00:30]} Be7 {[%emt 0:00:30]} 7. Re1 {[%emt 0:00:30]} d6 {[%emt 0:00:30]} 8. c3 {[%emt 0:00:00]} O-O {[%emt 0:00:00]} 9. h3 {[%emt 0:02:00]} Nb8 {[%emt 0:00:00]} 10. d4 {[%emt 0:00:30]} Nbd7 {[%emt 0:00:30]} 11. Nbd2 {[%emt 0:00:30]} Bb7 {[%emt 0:00:30]} 12. Bc2 {[%emt 0:00:30]} Re8 {[%emt 0:00:30]} 13. Nf1 {[%emt 0:00:30]} Bf8 {[%emt 0:03:30]} 14. Ng3 {[%emt 0:00:00]} g6 {[%emt 0:07:30] LiveBook: 2041 Games} 15. Bg5 $14 {[%emt 0:12:00] [%clk 1:19]} h6 {[%emt 0:09:30]} 16. Bd2 {[%emt 0:01:30]} Bg7 {[%emt 0:09:30]} 17. Nh2 {[%emt 0:13:30]} d5 {[%emt 0:08:30]} 18. exd5 {[%emt 0:13:30]} exd4 {[%emt 0:17:30]} 19. Rxe8+ {[%emt 0:11:30]} Qxe8 {[%emt 0:00:30]} 20. cxd4 {[%emt 0:01:30]} Bxd5 {[%emt 0:02:30]} 21. Bf4 {[%emt 0:05:30]} c5 {[%emt 0:10:30]} 22. Qd2 {[%emt 0:04:30]} h5 {[%emt 0:13:27]} 23. Bh6 {[%emt 0:07:30]} Bxh6 {[%emt 0:04:29]} 24. Qxh6 {[%emt 0:00:30]} cxd4 {[%emt 0:00:45]} 25. Nf3 {[%emt 0:12:34]} Bxf3 {[%emt 0:02:59]} 26. gxf3 {[%emt 0:00:03]} Ne5 {[%emt 0:05:04]} 27. Nf5 {[%emt 0:09:18]} Qf8 {[%emt 0:01:21]} 28. Qf4 {[%emt 0:00:23]} Re8 {[%emt 0:00:42]} 29. Nxd4 {[%emt 0:01:29]} Nd5 {[%emt 0:00:19]} 30. Qg3 {[%emt 0:01:41]} Qc5 {[%emt 0:00:42]} 31. Rd1 {[%emt 0:00:43]} Nb4 {[%emt 0:00:55]} 32. Bb3 {[%emt 0:00:30]} Rd8 {[%emt 0:00:00]} 33. f4 {[%emt 0:01:05]} Nc4 {[%emt 0:00:30]} 34. f5 {[%emt 0:00:51]} Rxd4 {[%emt 0:00:23]} 35. Qb8+ {[%emt 0:00:28]} Kh7 {[%emt 0:00:26]} 36. Rxd4 {[%emt 0:00:18]} Qxd4 {[%emt 0:00:35]} 37. Qf8 {[%emt 0:00:09]} Ne5 {[%emt 0:00:49]} 38. Bxf7 {[%emt 0:00:53]} Nf3+ {[%emt 0:00:10]} 39. Kh1 {[%emt 0:00:31]} Qd1+ {[%emt 0:00:22]} 40. Kg2 {[%emt 0:00:30]} Nh4+ {[%emt 0:30:30]} 41. Kh2 {[%emt 0:01:04]} Nf3+ {[%emt 0:00:00]} 42. Kg2 {[%emt 0:02:30]} Nh4+ {[%emt 0:00:00]} 43. Kh2 {[%emt 0:00:30]} Nf3+ {[%emt 0:00:00]} 44. Kg2 {[%emt 0:00:00]} Nh4+ {[%emt 0:00:00]} 1/2-1/2

[Event "Turkey IS Bank Super League 2017"]
[Site "Darica-Kocaeli"]
[Date "2017.07.27"]
[Round "2.30"]
[White "Sanal, Vahap"]
[Black "Soysal, Serkan"]
[Result "1-0"]
[WhiteElo "2533"]
[BlackElo "2367"]
[Annotator "TA"]
[PlyCount "109"]
[EventType "team-tourn"]
[EventCountry "TUR"]
[SourceTitle "playchess.com"]
[Source "ChessBase"]
[SourceQuality "1"]

{[%evp 14,109,0,-66,-66,-70,-70,-81,-70,-70,-70,-71,-64,-59,-22,-70,-79,-89,-15,-20,-9,-9,7,0,28,0,2,0,55,60,62,62,62,62,68,62,64,61,58,48,73,77,106,95,97,100,110,76,79,0,112,103,137,137,170,162,181,102,111,110,186,185,180,180,175,173,171,116,235,220,366,363,353,339,533,525,542,542,543,509,515,519,495,506,637,632,617,625,602,605,958,988,988,1022,1022,938,832,818]} 1. e4 c6 2. d4 d5 3. exd5 cxd5 4. c4 Nf6 5. Nc3 Nc6 6. Bg5 Qa5 7. Bxf6 exf6 8. c5 {[#]} (8. cxd5 $11 Bb4 9. Qd2) 8... Bxc5 $1 $15 {[%mdl 512] B13: Caro-Kann: Exchange Variation and Panov-Botvinnik Attack} 9. dxc5 {Strongly threatening a3.} d4 {[%cal Bd5d4,Bd4c3][%mdl 32]} 10. Qa4 {Black must now prevent Qxa5.} dxc3 {Black is better.} 11. Qxa5 Nxa5 12. b3 O-O $146 {Hoping for ...Re8+.} ({Predecessor:} 12... Bf5 13. Bb5+ Nc6 14. O-O-O O-O 15. Bxc6 bxc6 16. Ne2 {1-0 (41) Shirazi,K (2430)-Kirszenberg,M (2205) Paris 1998}) 13. Ne2 b6 14. Rc1 bxc5 15. Rxc3 {[#]} Nb7 (15... c4 $1 $17 {[%mdl 512] Threatens to win with ...cxb3.} 16. b4 (16. bxc4 Re8) 16... Nc6 17. Rxc4 Ne5) 16. Nf4 $11 Re8+ 17. Be2 Nd6 (17... Re5 {keeps more tension.} 18. f3 Bf5 19. Kf2 Rd8 20. g4 Bg6) 18. O-O Ne4 (18... Bb7 $5 {[%cal Rg7g5]} 19. Rd1 Rad8 $11) 19. Rc2 Bf5 {aiming for ...Ng3!} 20. g4 Bd7 ({Black should play} 20... Bg6 $11) 21. Rd1 $14 Bc6 22. f3 $1 $36 {[%cal Rf3e4][%mdl 2048] White is pushing.} Ng5 23. Kf2 Ne6 24. Nxe6 fxe6 25. Rxc5 Bd5 $1 26. Rdc1 Red8 27. Rc7 Kf8 28. R1c5 a5 29. Bb5 Rd6 30. Rc8+ Rd8 31. R8c7 Rd6 $1 32. Ke3 Rdd8 33. h4 {[%cal Bh2h4,Bh4h5][%mdl 32]} Rd6 34. h5 h6 35. Ba4 (35. Bc4 $18) 35... Rad8 $16 36. Rc8 f5 (36... Rxc8 $16 37. Rxc8+ Kf7) 37. Rxd8+ $18 Rxd8 38. gxf5 exf5 39. Rxa5 {[%mdl 4096] Endgame KRB-KRB} Ke7 40. Kf4 (40. Bb5 $18) 40... Kf6 (40... Bf7 $16) 41. Ra6+ Be6 (41... Ke7 {keeps fighting.} 42. Bc6 (42. Kxf5 Bxf3 43. Bc6 Bxh5 $16) 42... Bxc6) 42. b4 {[%cal Bb3b4,Bb4b5,Bb5b6,Bb6b7][%mdl 32]} Ke7 43. Bc6 Kf6 (43... Bf7 {might work better.} 44. Ke5 Bxh5) 44. b5 {White is clearly winning.} Rd4+ 45. Ke3 Ke5 {[#]} 46. f4+ $1 {[%mdl 512]} Rxf4 47. b6 Rb4 48. b7 Kd6 49. Bh1+ Kd7 50. Bf3 f4+ 51. Kd2 Rd4+ 52. Kc3 Rc4+ 53. Kb2 Rb4+ 54. Ka3 Rb1 55. Be4 {Precision: White = 78%, Black = 39%.} 1-0

[Event "Turkey IS Bank Super League 2017"]
[Site "Darica-Kocaeli"]
[Date "2017.07.27"]
[Round "2.31"]
[White "Ozer, Omer Faruk"]
[Black "Tuncer, Tuna"]
[Result "0-1"]
[WhiteElo "2411"]
[BlackElo "2274"]
[Annotator "TA"]
[PlyCount "108"]
[EventType "team-tourn"]
[EventCountry "TUR"]
[SourceTitle "playchess.com"]
[Source "ChessBase"]
[SourceQuality "1"]

{[%evp 15,108,-29,-25,-34,-9,0,0,-15,-7,-15,-15,-10,-11,-17,-14,-18,-2,-23,4,-2,0,5,18,-8,-8,-39,-4,-39,-6,-39,-27,-57,6,-70,-22,-53,-33,-129,-33,-42,-11,-8,0,-17,-9,0,0,0,27,0,29,30,34,34,43,35,20,20,17,22,19,17,30,22,19,0,0,0,0,0,0,-59,-59,-44,-56,-64,-79,-82,-45,-71,-45,-173,-156,-151,-153,-201,-188,-332,-329,-314,-322,-1182,-313,-743,-706]} 1. Nf3 c5 2. b3 Nf6 3. Bb2 d5 4. g3 e6 5. Bg2 Be7 6. O-O O-O 7. d3 Nc6 8. Nbd2 Qc7 9. e4 {A06: Réti Opening:1 Nf3 d5} (9. Re1 e5 10. e4 d4 11. Nh4 g6 12. Bc1 Bg4 13. Nhf3 b5 14. h3 Bd7 15. Nh2 Qc8 16. h4 h5 {1-0 (69) Gabuzyan,H (2614)-Kotanjian,T (2485) Yerevan 2016}) 9... b6 10. Re1 Bb7 11. exd5 {The position is equal.} exd5 12. Ne5 Rfe8 13. Nxc6 $146 ({Predecessor:} 13. Ndf3 d4 14. Nxc6 Bxc6 15. Ne5 Bxg2 16. Kxg2 Bd6 {1-0 (76) Pukropski,W (1781)-Born,B (1931) Freudenstadt 2006}) 13... Bxc6 14. Be5 Qb7 15. d4 Rac8 16. c3 Rcd8 17. Qc2 Qc8 18. Rac1 Bd7 19. Qb2 Bh3 20. Bh1 Qf5 21. Bf4 Bf8 22. Nf3 Ne4 23. Qc2 Qc8 (23... h6 $15) 24. Ne5 (24. Ng5 $11) 24... Bf5 {[#] aiming for ...Nxg3!} (24... f6 {is more complex.} 25. Nf3 cxd4 26. Nxd4 Ba3 27. Ra1 Nxc3 28. Rxe8+ Rxe8 29. Be3 Bg4) 25. Qd1 f6 26. Nd3 (26. Nf3 $1 $15) 26... Bg6 ({Black should play} 26... c4 $17 27. Nb2 Ba3) 27. Be3 cxd4 (27... c4 $5 {[%cal Rc4d3]} 28. Nf4 Bf7 $15) 28. Bxd4 Bd6 29. a4 Kh8 30. Bg2 Qf5 31. Re3 Nc5 32. Nb4 Ne4 33. Qe2 Bc5 34. Re1 Bxd4 35. cxd4 h6 36. Qb2 Bf7 37. Nc6 Ra8 $1 38. b4 Qd7 39. b5 a6 40. f3 (40. Qb4 $5 {[%cal Rf2f3]}) 40... axb5 41. fxe4 Qxc6 42. exd5 Qc4 {Hoping for ...Rxe3.} 43. Bf1 (43. Rxe8+ $11 Rxe8 44. Rxe8+ Bxe8 45. axb5) 43... Qxa4 $15 {And now ...Rxe3 would win.} 44. Rxe8+ Bxe8 45. d6 b4 46. Bc4 Rc8 47. Be6 Rd8 48. Bf5 (48. d5 $15) 48... b3 49. Be6 Qb4 $36 {[%mdl 2048] Black is in control.} ({Don't take} 49... Rxd6 50. Bxb3 Qd7 51. Qa3 $15) 50. Kf2 Rxd6 51. Bxb3 (51. Qxb3 $142 Qxd4+ 52. Qe3) 51... Ba4 $19 52. Re3 Rxd4 53. Qb1 $2 {[#]} (53. Qc3 Bxb3 54. Qxb3) 53... Bxb3 $2 (53... Rd2+ 54. Kg1 Qc5) 54. Re8+ $2 (54. Qxb3 Qc5 55. Re8+ Kh7 56. Kf1) 54... Bg8 {Precision: White = 36%, Black = 49%.} 0-1

[Event "Turkey IS Bank Super League 2017"]
[Site "Darica-Kocaeli"]
[Date "2017.07.27"]
[Round "2.32"]
[White "Arda, Cagil Irmak"]
[Black "Ayan, Bengu Sena"]
[Result "1/2-1/2"]
[WhiteElo "2080"]
[BlackElo "1862"]
[Annotator "NA"]
[PlyCount "69"]
[EventType "team-tourn"]
[EventCountry "TUR"]
[SourceTitle "playchess.com"]
[Source "ChessBase"]
[SourceQuality "1"]
[TimeControl "40/5400+30:1800+30"]

1. d4 {[%emt 0:00:30]} d5 {[%emt 0:02:00]} 2. Bf4 {[%emt 0:00:30]} Nf6 {[%emt 0:00:30]} 3. e3 {[%emt 0:00:30]} c5 {[%emt 0:00:30]} 4. c3 {[%emt 0:00:00]} Qb6 {[%emt 0:01:30]} 5. Qb3 {[%emt 0:02:00]} c4 {[%emt 0:02:30] LiveBook: 33 Games} 6. Qc2 {[%emt 0:00:30]} Nc6 {[%emt 0:08:30]} 7. Nd2 {[%emt 0:00:30]} g6 {[%emt 0:07:30]} 8. f3 $17 {[%emt 0:06:30] [%clk 1:23]} (8. e4 $14 {stays ahead.}) 8... e5 {[%emt 0:08:30]} 9. Bg5 {[%emt 0:05:30]} Bg7 {[%emt 0:03:30]} 10. e4 {[%emt 0:05:30]} exd4 {[%emt 0:08:30]} 11. exd5 {[%emt 0:03:30]} d3 {[%emt 0:05:30]} 12. Nxc4 {[%emt 0:07:30]} dxc2 {[%emt 0:02:30]} 13. Nxb6 {[%emt 0:00:30]} axb6 {[%emt 0:00:30]} 14. dxc6 {[%emt 0:00:00]} bxc6 {[%emt 0:00:30]} 15. Bd3 {[%emt 0:03:00]} Ba6 {[%emt 0:02:30]} 16. Bxa6 {[%emt 0:06:30]} Rxa6 {[%emt 0:00:30]} 17. Kd2 {[%emt 0:00:00]} Ra5 {[%emt 0:02:30]} 18. Nh3 {[%emt 0:03:00]} O-O {[%emt 0:03:30]} 19. Kxc2 {[%emt 0:00:30]} Re8 {[%emt 0:00:00]} 20. Rhd1 {[%emt 0:07:30]} Nd5 {[%emt 0:03:00]} 21. Rd3 {[%emt 0:09:30]} b5 {[%emt 0:04:30]} 22. Kb3 {[%emt 0:12:30]} b4 {[%emt 0:10:30]} 23. cxb4 {[%emt 0:10:53]} Rb8 {[%emt 0:01:30]} 24. Bd2 {[%emt 0:05:37]} Nxb4 {[%emt 0:06:19]} 25. Bxb4 {[%emt 0:00:23]} Bf8 {[%emt 0:02:36]} 26. Rd4 {[%emt 0:04:31]} c5 {[%emt 0:00:37]} 27. Rc4 {[%emt 0:00:37]} cxb4 {[%emt 0:00:23]} 28. Rd1 {[%emt 0:01:07]} Rba8 {[%emt 0:03:16]} 29. Nf4 {[%emt 0:01:50]} Rxa2 {[%emt 0:04:08]} 30. Nd3 {[%emt 0:00:05]} R2a7 {[%emt 0:01:54]} 31. Nxb4 {[%emt 0:02:04]} Rb7 {[%emt 0:00:45]} 32. Rdd4 {[%emt 0:00:43]} Rab8 {[%emt 0:01:07]} 33. h3 {[%emt 0:00:51]} Bg7 {[%emt 0:01:47]} 34. Rd2 {[%emt 0:01:10]} Bf8 {[%emt 0:00:30]} 35. Rdd4 {[%emt 0:00:00]} 1/2-1/2